[Event "AUTO-OPEN-891"]
[Site "http://www.queenalice.com/game.php?id=299075"]
[Date "2007.11.6"]
[Round "1"]
[White "kyloh4320"]
[Black "berbu1084"]
[Result "0-1"]
[WhiteElo "1626"]
[BlackElo "1888"]

1. e4 e5 2. Nf3 Nc6 3. Bc4 Nf6 4. Ng5 d5 5. exd5 Nxd5 6. Nxf7 Kxf7 7. Qh5+ Kg8
8. Nc3 Be6 9. Ke2 Nf4+ 10. Ke1 Bxc4 11. d3 Nxh5 12. dxc4 Nd4 13. Kf1 Nxc2 14.
Rb1 Qf6 15. Bd2 Rd8 16. Ne4 Qf5 17. f3 Rxd2 18. Nxd2 Qd3+ 19. Kg1 Bc5# 0-1

[Event "AUTO-OPEN-891"]
[Site "http://www.queenalice.com/game.php?id=299076"]
[Date "2007.11.6"]
[Round "1"]
[White "berbu1084"]
[Black "kyloh4320"]
[Result "1-0"]
[WhiteElo "1881"]
[BlackElo "1532"]

1. e4 e5 2. Nf3 Nc6 3. Nc3 Bc5 4. Be2 d6 5. h3 Nge7 6. d3 Be6 7. a3 O-O 8. O-O
f5 9. Ng5 Qd7 10. Nxe6 Qxe6 11. Nb5 Rfc8 12. g4 Qg6 13. exf5 Nxf5 14. Kh2 Nh4
15. Bd2 h5 16. Qe1 hxg4 17. Bxg4 Rf8 18. f3 1-0

[Event "AUTO-OPEN-891"]
[Site "http://www.queenalice.com/game.php?id=299107"]
[Date "2007.11.6"]
[Round "1"]
[White "berbu1084"]
[Black "BrunoBr"]
[Result "1-0"]
[WhiteElo "1881"]
[BlackElo "1554"]

1. e4 e6 2. d4 d5 3. e5 c5 4. dxc5 Bxc5 5. Nf3 Nc6 6. Be2 Nge7 7. O-O O-O 8. c3
Ng6 9. Bg5 Qb6 10. b4 Be7 11. Bxe7 Ngxe7 12. Re1 Nf5 13. Bd3 Nce7 14. Qc2 Bd7
15. g4 Nh6 16. h3 g6 17. Qd2 Kg7 18. Qg5 1-0

[Event "AUTO-OPEN-891"]
[Site "http://www.queenalice.com/game.php?id=299108"]
[Date "2007.11.6"]
[Round "1"]
[White "BrunoBr"]
[Black "berbu1084"]
[Result "0-1"]
[WhiteElo "1554"]
[BlackElo "1872"]

1. d4 d5 2. c4 dxc4 3. Nf3 Nf6 4. e3 Be6 5. Na3 Nc6 6. Nxc4 Bxc4 7. Bxc4 Qd6 8.
Qb3 e6 9. O-O O-O-O 10. a4 a6 11. Bd2 Ne4 12. Rfc1 Nxd2 13. Nxd2 e5 14. d5 Na5
15. Qc2 Rd7 0-1

[Event "Challenge"]
[Site "http://www.queenalice.com/game.php?id=310354"]
[Date "2007.11.26"]
[Round "-"]
[White "berbu1084"]
[Black "willians"]
[Result "1-0"]
[WhiteElo "1883"]
[BlackElo "1942"]

1. e4 c5 2. Nf3 Nc6 3. Nc3 d6 4. h3 Nf6 5. Be2 g6 6. d3 Bg7 7. O-O O-O 8. a3 Bd7
9. Be3 Qb6 10. b4 Nd4 11. Bxd4 1-0